La enseñanza a multinivel (Record no. 116232)

MARC details
000 -LEADER
campo de control de longitud fija 00530nam a2200169 4500
001 - NÚMERO DE CONTROL
campo de control 116232
003 - IDENTIFICADOR DE NÚMERO DE CONTROL
campo de control ES-MaACL
007 - CAMPO FIJO DE DESCRIPCIÓN FÍSICA--INFORMACIÓN GENERAL
campo de control de longitud fija t|
008 - DATOS DE LONGITUD FIJA--INFORMACIÓN GENERAL
campo de control de longitud fija 061121s1969 mx r ||||1| spa d
100 1# - ENTRADA PRINCIPAL--NOMBRE DE PERSONA
Nombre de persona Parker, Don H.
9 (RLIN) 89175
245 13 - MENCIÓN DEL TÍTULO
Título La enseñanza a multinivel
Resto del título : desarrollo máximo para el alumno /
Mención de responsabilidad, etc. Don H. Parker ; [traducida por Salvador Sumano].
250 ## - MENCION DE EDICION
Mención de edición [1ª ed.].
260 ## - PUBLICACIÓN, DISTRIBUCIÓN, ETC.
Lugar de publicación, distribución, etc. México, D. F. :
Nombre del editor, distribuidor, etc. Pax,
Fecha de publicación, distribución, etc. 1969.
300 ## - DESCRIPCIÓN FÍSICA
Extensión 380 p. ;
Dimensiones 20 cm.
700 1# - ENTRADA AGREGADA--NOMBRE PERSONAL
Nombre de persona Sumano, Salvador.
9 (RLIN) 108770
852 ## - LOCALIZACIÓN
Ubicación ES-MaACL
Número de control de estantería E-9260
Sublocalización o colección R.93781
Holdings
Estatus retirado Estado de pérdida Estado de daño No para préstamo Biblioteca de origen Biblioteca actual Ubicación en estantería Fecha de adquisición Fuente de adquisición Total de préstamos Signatura topográfica completa Código de barras Visto por última vez Precio de reemplazo Tipo de ítem Koha
        Biblioteca del Ateneo de Madrid Biblioteca del Ateneo de Madrid Depósito 2 17/01/2008     E-9260 1121207 23/02/2023 23/02/2023 Libro impreso